| Поле | Инд. | ПП | Название | Значение |
|---|---|---|---|---|
| Тип записи | a | |||
| Библиографический уровень | m | |||
| 001 | Контрольный номер | RU/IS/BASE/307187928 | ||
| 005 | Дата корректировки | 20140703180651.2 | ||
| 040 | a | Служба первич. каталог. | НБ ТвГУ | |
| b | Код языка каталог. | rus | ||
| e | Правила каталог. | PSBO | ||
| 041 | 0_ | a | Код языка текста | rus |
| 080 | a | Индекс УДК | 930.1(043.3) | |
| 084 | a | Индекс другой классификации/Индекс ББК | С032я031 | |
| 090 | a | Полочн. индекс | С032 | |
| x | Авторский знак | П 44 | ||
| 100 | 1_ | a | Автор | Подоль Рудольф Янович |
| q | Полное имя | Подоль Р. Ф. | ||
| 245 | 10 | a | Заглавие | Теория исторического процесса в русской историософии 1920 - середины 1930-х гг. |
| b | Продолж. заглавия | автореф. дис. ... д-ра филос. наук : 09.00.03 | ||
| c | Ответственность | Рязан. гос. ун-т им. С. А. Есенина, Каф. философии | ||
| 260 | a | Место издания | Москва | |
| c | Дата издания | 2009 | ||
| 300 | a | Объем | 48 с. | |
| 500 | a | Примечание | На правах рукоп. | |
| 504 | a | Библиография | Библиогр. в конце кн. (38 назв.) и в подстроч. примеч. | |
| 650 | a | Основная рубрика | Историческая наука | |
| x | Основная подрубрика | Теория | ||
| x | Основная подрубрика | Философия | ||
| 650 | 14 | a | Основная рубрика | Исторический процесс |
| 653 | a | Ключевые слова | Исторический процесс | |
| a | Ключевые слова | Авторефераты | ||
| 920 | a | Оператор | Густ | |
| 930 | a | Новая/Ретро | авторефераты | |
| 952 | c | Вид литературы | А/Р н | |
| 954 | a | Дата поступления на обработку | 20091214 |